| Tag |
First Indicator |
Second Indicator |
Subfields |
| LEADER |
00000cam a2200000 4500 |
| 001 |
in00000184521 |
| 005 |
20151009050753.0 |
| 008 |
730710s1973 deu 00010 eng |
| 010 |
|
|
|a 73163881
|
| 035 |
|
|
|a (OCoLC)00674090
|
| 035 |
|
|
|9 AAV1193AM
|
| 040 |
|
|
|a DLC
|c DLC
|d TXA
|d UtOrBLW
|
| 049 |
|
|
|a TXAM
|c [1017139]
|
| 050 |
0 |
0 |
|a LB1731
|b .I59
|
| 082 |
0 |
|
|a 370/.732
|
| 110 |
2 |
|
|a International Reading Association.
|b Committee on Evaluation of Teacher Education Programs in Reading.
|
| 245 |
1 |
0 |
|a Evaluation of teacher education programs in reading :
|b a proposed checklist /
|c prepared by the IRA Committee on Evaluation of Teacher Education Programs in Reading. Grayce A. Ransom, editor.
|
| 264 |
|
1 |
|a Newark, Del. :
|b International Reading Association,
|c [1973]
|
| 300 |
|
|
|a iv, 60 pages ;
|c 23 cm.
|
| 336 |
|
|
|a text
|b txt
|2 rdacontent
|
| 337 |
|
|
|a unmediated
|b n
|2 rdamedia
|
| 338 |
|
|
|a volume
|b nc
|2 rdacarrier
|
| 650 |
|
0 |
|a Teachers
|x Training of.
|
| 650 |
|
0 |
|a Reading teachers.
|
| 700 |
1 |
|
|a Ransom, Grayce A.
|
| 999 |
|
|
|a MARS
|
| 999 |
f |
f |
|s 550ec6f8-5fc1-3537-b940-ff14d8e03b10
|i a8fed545-4383-3d99-9e17-e5bdcc61342d
|t 0
|
| 952 |
f |
f |
|p normal
|a Texas A&M University
|b College Station
|c Sterling C. Evans Library
|d Evans: Library Stacks
|t 0
|e LB1731 .I59
|h Library of Congress classification
|i unmediated -- volume
|m A14803274582
|
| 998 |
f |
f |
|a LB1731 .I59
|t 0
|l Evans: Library Stacks
|